000 00686nam a2200181Ia 4500
001 162520
003 257744
005 20241203065021.0
008 190522n ck ||||||m| 000 0 spa d
041 _aspa
100 _aRebellón Sánchez, Jhorman Said
_9204780
245 0 _aAnálisis del desarrollo económico del departamento del Meta durante el periodo 2006-2016
_buna mirada desde la gestión pública territorial
504 _aBibliografía y webgrafía: páginas 56-57.
562 _e1
650 0 _aESCUELA SUPERIOR DE ADMINISTRACIÓN PÚBLICA (BOGOTÁ)
_vTESIS Y DISERTACIONES ACADÉMICAS
_936229
650 0 _aAdministradores Públicos (Bogotá)
_9135945
942 _cTESIS
999 _c162520
_d162520